| 000 | 00504nam a2200157Ia 4500 | ||
|---|---|---|---|
| 008 | 100122s9999 xx 000 0 und d | ||
| 082 |
_b57323 _a821 |
||
| 100 | _aमुझुमदार दिपाली | ||
| 245 | _aमेणबत्तीचे अश्रू | ||
| 250 | _a0 | ||
| 260 |
_bजाणीव प्रकाशन _c2000 |
||
| 300 | _a44 | ||
| 630 | _aमेणबत्तीचे अश्रू | ||
| 730 | _aमेणबत्तीचे अश्रू | ||
| 942 | _cBOOK | ||
| 999 |
_c433515 _d433512 |
||